000
00183nam a2200073Ia 4500
008
180219s9999 xx 000 0 und d
100
_a
Bharti V V
245
0
_a
Learning Without Tears
260
_a
New Delhi / Discovery
999
_c
41254
_d
41254